• 首页
  • 本馆介绍
  • 公告通知
  • 最新文献
  • 馆藏检索
  • 电子资源
  • 读者导购
  • 参考咨询
  • 我的图书馆
  • 登录
  • 详细信息显示
  • 放入我的书架
  • 预约/预借图书
  • 作者相关作品
  • 分类相关作品
  • 丛书相关作品
  • 出版社相关作品

书目信息

  • 表格格式
  • 工作单格式
  • 卡片格式
题名:
生命安全课教师指南
    
 
作者: 马雷军 , 马焕灵 总主编
分册:  
出版信息: 北京   中国轻工业出版社  2016
页数: 227页
开本: 24cm
丛书名:
单 册:
中图分类: G633.203 , G633
科图分类:
主题词: 安全教育--初中--教学参考资料
电子资源:
ISBN: 978-7-5019-7646-1
000 01072nam 2200241 450
001 2382185378
005 20231211230723.31
010    @a978-7-5019-7646-1@dCNY36.00
100    @a20160803d2016 em y0chiy50 ea
101 0  @achi
102    @aCN@b110000
105    @ay z 000yy
200 1  @a生命安全课教师指南@Asheng ming an quan ke jiao shi zhi nan@f马雷军总主编@g马焕灵主编
210    @a北京@c中国轻工业出版社@d2016
215    @a227页@d24cm
330    @a本书是帮助初中教师开展教育教学活动和进行安全知识授课的指导书, 主要包括以下两方面内容: 一是依据不同学段学生心理和生理特点, 以分类的方式对各类安全事故的预防与应对进行认知性描述, 具有知识性、系统性和可操作性的特点。二是课程教学设计主要包括: 教学内容、教学设计、教学素材和知识链接四个层面。课程设计的安全知识深入浅出, 充分考虑到不同学段学生的理解能力、学习能力和现实需求的需要。
606 0  @a安全教育@x初中@j教学参考资料
690    @aG633.203@v5
690    @aG633@v4
701  0 @a马雷军@Ama lei jun@4总主编
701  0 @a马焕灵@Ama huan ling@4主编
801  0 @aCN@b湖北三新@c20160803
905    @aZUCC@dG633@e348
    
    生命安全课教师指南/马雷军总主编/马焕灵主编.-北京:中国轻工业出版社,2016
    227页;24cm
    
    
    ISBN 978-7-5019-7646-1:CNY36.00
    本书是帮助初中教师开展教育教学活动和进行安全知识授课的指导书, 主要包括以下两方面内容: 一是依据不同学段学生心理和生理特点, 以分类的方式对各类安全事故的预防与应对进行认知性描述, 具有知识性、系统性和可操作性的特点。二是课程教学设计主要包括: 教学内容、教学设计、教学素材和知识链接四个层面。课程设计的安全知识深入浅出, 充分考虑到不同学段学生的理解能力、学习能力和现实需求的需要。
●
相关链接 在五车中查询图书 在当当中查询图书 在豆瓣中查询图书


正题名:生命安全课教师指南     索取号:G633/348         预约/预借

序号 登录号 条形码 馆藏地/架位号 状态 备注
1 2001450562   2001450562   516书库/ [索取号:G633/348] 在馆    
2 2001450563   2001450563   516书库/ [索取号:G633/348] 在馆    
3 2001450564   2001450564   516书库/ [索取号:G633/348] 在馆    
4 2001450565   2001450565   516书库/ [索取号:G633/348] 在馆    
5 2001450566   2001450566   516书库/ [索取号:G633/348] 在馆    
6 2001450567   2001450567   516书库/ [索取号:G633/348] 在馆    
7 2001450568   2001450568   516书库/ [索取号:G633/348] 在馆    
8 2001450569   2001450569   516书库/ [索取号:G633/348] 在馆    
9 2001450570   2001450570   516书库/ [索取号:G633/348] 在馆    
10 2001450571   2001450571   516书库/ [索取号:G633/348] 在馆    
11 2001450572   2001450572   516书库/ [索取号:G633/348] 在馆    
12 2001450573   2001450573   516书库/ [索取号:G633/348] 在馆    
13 2001450574   2001450574   516书库/ [索取号:G633/348] 在馆    
14 2001450575   2001450575   516书库/ [索取号:G633/348] 在馆    
15 2001450576   2001450576   516书库/ [索取号:G633/348] 在馆    
16 2001450577   2001450577   516书库/ [索取号:G633/348] 在馆    
17 2001450578   2001450578   516书库/ [索取号:G633/348] 在馆    
18 2001450579   2001450579   516书库/ [索取号:G633/348] 在馆    
19 2001450580   2001450580   516书库/ [索取号:G633/348] 在馆    
20 2001450581   2001450581   516书库/ [索取号:G633/348] 在馆    
21 2001450582   2001450582   516书库/ [索取号:G633/348] 在馆    
22 2001450583   2001450583   516书库/ [索取号:G633/348] 在馆    
23 2001450584   2001450584   516书库/ [索取号:G633/348] 在馆    
24 2001450585   2001450585   516书库/ [索取号:G633/348] 在馆    
25 2001450586   2001450586   516书库/ [索取号:G633/348] 在馆    
26 2001450587   2001450587   516书库/ [索取号:G633/348] 在馆    
27 2001450588   2001450588   516书库/ [索取号:G633/348] 在馆    
28 2001450589   2001450589   516书库/ [索取号:G633/348] 在馆    
29 2001450590   2001450590   516书库/ [索取号:G633/348] 在馆    
30 2001450591   2001450591   516书库/ [索取号:G633/348] 在馆    
山东省滨州职业学院图书馆 欢迎您!
大连网信软件有限公司© 版权所有